Joshua: (Record no. 3455)

000 -LEADER
fixed length control field 00674nam a2200205 a 4500
001 - CONTROL NUMBER
control field :::00001186$&:&@@
003 - CONTROL NUMBER IDENTIFIER
control field OkBaRHE
005 - DATE AND TIME OF LATEST TRANSACTION
control field 20000607103242.0
008 - FIXED-LENGTH DATA ELEMENTS--GENERAL INFORMATION
fixed length control field s1983 j 000 0 eng u
040 ## - CATALOGING SOURCE
Transcribing agency
100 1# - MAIN ENTRY--PERSONAL NAME
Personal name Mackenzie, Carine.
245 10 - TITLE STATEMENT
Title Joshua:
Remainder of title the brave leader.
260 ## - PUBLICATION, DISTRIBUTION, ETC. (IMPRINT)
Place of publication, distribution, etc Ross-shire, UK:ST., :
Name of publisher, distributor, etc Christian Focus Publications
Date of publication, distribution, etc c1983
300 ## - PHYSICAL DESCRIPTION
Extent 31 p. : illus. ;
Dimensions 21 cm.
650 ## - SUBJECT ADDED ENTRY--TOPICAL TERM
Topical term or geographic name as entry element Bible Stories
650 ## - SUBJECT ADDED ENTRY--TOPICAL TERM
Topical term or geographic name as entry element Children's Stories
650 ## - SUBJECT ADDED ENTRY--TOPICAL TERM
Topical term or geographic name as entry element Joshua, Son of Nun
942 ## - ADDED ENTRY ELEMENTS (KOHA)
Source of classification or shelving scheme
Koha item type Books
Copies
Koha item type Lost status Permanent Location Total Checkouts Source of classification or shelving scheme Date acquired Date last seen Damaged status Full call number Barcode Withdrawn status Date checked out Shelving location Current Location Not for loan Copy number Price effective from
Books RHEMA Bible Training College1 2010-04-142018-02-20 BS 551.2 .M3J71186 2010-05-05General StacksRHEMA Bible Training College 12010-04-14